| 000 | 00686cam a2200217 a 4500 | ||
|---|---|---|---|
| 001 | 000015463 | ||
| 005 | 20200929164040.0 | ||
| 008 | 861029s1983 caua b 001 0 eng | ||
| 020 | _a0884041441 | ||
| 020 | _a0884041417 | ||
| 040 |
_aDO-SdBNP _beng _cLC _dBNPHU |
||
| 082 |
_a299.936 _bH875di |
||
| 100 | 1 |
_aHubbard, L. Ron _q(La Fayette Ron), _d1911-1986. _934929 |
|
| 245 | 1 | 0 |
_aDianetics : _bthe evolution of a science / _cL. Ron Hubbard. |
| 260 |
_aLos Angeles, California : _bBridge Publications, _c1983. |
||
| 300 |
_a164 p. : _bil. ; _c24 cm. |
||
| 504 | _aBibliografías: p. 141-153. | ||
| 650 | 4 |
_aDianética _934930 |
|
| 910 | _aCatalogación por copia / LC | ||
| 049 | _aBNGR | ||
| 999 |
_c15019 _d15019 |
||